000
00210 a2200109 4500
020
_a
9789680104277
041
_a
spa
100
_a
Hanashima, Mikiko
245
_a
Montanas en Lucha
942
_c
BK
952
_7
4
999
_c
16616
_d
16616